000 00332nam a2200097Ia 4500
008 180130s9999 xx 000 0 und d
245 _cDenham-Vaughan, Sally
_aGestalt therapy: first or nowhere?
260 _c2014
300 _aBook title: Case studies in psychotherapy--Acession number C19075; pages 115-138
650 _aPSYCHOTHERAPY
999 _c353933
_d353933